000 00623nam a2200229 a 4500
003 MX-MxUPN
005 20240925065101.0
008 191122t1974 mx r 000 0 spa d
035 _aUPN01000234168
040 _aMX-MxUPN
_bspa
_cMX-MxUPN
041 0 _aspa
050 4 _aBF38
_bG3.4
100 1 _aGarcía González, Enrique
_930743
245 1 0 _aIntroducción a la psicología /
_cEnrique García G.
250 _aPrimera edición.
260 _aMéxico, D.F. :
_bUNAM,
_c©1974.
300 _a143 páginas
490 0 _aTextos programados
650 4 _aPsicología
_938
905 _aLibro
999 _c206263
_d206263